Grease / Paramount Pictures presents ; a Robert ... Read More
Available copies
- 1 of 1 copy available at LARL/NWRL Consortium.
- 1 of 1 copy available at Northwest Regional Library. (Show preferred library)
Current holds
0 current holds with 1 total copy.
Show Only Available Copies
| Location | Call Number / Copy Notes | Barcode | Shelving Location | Status | Due Date |
|---|---|---|---|---|---|
| Thief River Falls Public Library | DVD GRE (Text) | 35500006400178 | New | Available | - |
Record details
- ISBN: 9786317243255
- ISBN: 6317243255
- Physical Description: 1 videodisc (110 min.) : sound, color ; 4 3/4 in.
- Edition: 40th anniversary edition.
- Publisher: Hollywood, CA : Paramount, [2018]
- Copyright: ©2018
Content descriptions
| General Note: | Title from container. Based on the original musical by Jim Jacobs and Warren Casey. Originally released as a motion picture in 1978. Wide screen (16:9). Special features: commentary by director Randal Kleiser and choreographer Patricia Birch; ... Read More |
| Creation/Production Credits Note: | Choreography, Patricia Birch. |
| Participant or Performer Note: | John Travolta, Olivia Newton-John, Stockard ... Read More |
| Summary, etc.: | The classic tale of good girl Sandy (Olivia ... Read More |
| Target Audience Note: | MPAA rating: PG. |
| System Details Note: | DVD, NTSC, region 1; widescreen version enhanced ... Read More |
| Terms Governing Use and Reproduction Note: | For private home use only. |
| Language Note: | English, Spanish or French dialogue; English, ... Read More |
Search for related items by subject
| LDR | 07783cgm a2201561 i 4500 | ||
|---|---|---|---|
| 001 | 491040 | ||
| 003 | LARL_NWRL_CONSORTIUM | ||
| 005 | 20260626123106.0 | ||
| 008 | 180403p20181978cau110 g vleng d | ||
| 007 | vd cvaizq | ||
| 010 | . | ‡a 2022600718 | |
| 040 | . | ‡aTEFMT ‡beng ‡erda ‡cTEFMT ‡dTEF ‡dOCLCO ‡dTEFMT ‡dCLE ‡dOCLCF ‡dJQW ‡dDAC ‡dOCL ‡dNTG ‡dPZT ‡dTP4 ‡dZQP ‡dOCLCO ‡dOCLCA ‡dINO ‡dOCL ‡dOCLCA ‡dMQW ‡dOCLCO ‡dOCLCQ ‡dDLC ‡dMQP ‡dOCLCO ‡dTEFMT ‡dOCLCL ‡dOTP ‡dOCLCO ‡dOCLCL ‡dAZZPT ‡dOCLCO ‡dUND ‡dOCLCO ‡dVP@ ‡dOCLCO ‡dDB$ ‡dOCLCO ‡dOKE ‡dOCLCO ‡dOCLCL ‡dOCLCQ ‡dOCLCL ‡dOCLCO ‡dOCLCL ‡dOCLCO ‡dOCLCQ ‡dOCLCO | |
| 019 | . | ‡a1079868227 ‡a1230385587 ‡a1302440275 ‡a1318970044 ‡a1327098267 | |
| 020 | . | ‡a9786317243255 | |
| 020 | . | ‡a6317243255 | |
| 024 | 1 | . | ‡a032429296573 |
| 024 | 7 | . | ‡a00032429296573 ‡2gtin-14 |
| 024 | 1 | 0. | ‡a032429296603 |
| 028 | 4 | 2. | ‡a59194223000 ‡bParamount |
| 028 | 4 | 2. | ‡a2083615 ‡bParamount |
| 035 | . | ‡a(OCoLC)1030335704 ‡z(OCoLC)1079868227 ‡z(OCoLC)1230385587 ‡z(OCoLC)1302440275 ‡z(OCoLC)1318970044 ‡z(OCoLC)1327098267 | |
| 037 | . | ‡bMidwest Tape ‡nhttp://www.midwesttapes.com | |
| 041 | 1 | . | ‡aeng ‡afre ‡aspa ‡jeng ‡jfre ‡jspa ‡peng ‡qeng ‡heng |
| 043 | . | ‡an-us--- | |
| 046 | . | ‡k1978 | |
| 082 | 0 | 4. | ‡a791.43/72 ‡222 |
| 245 | 0 | 0. | ‡aGrease / ‡cParamount Pictures presents ; a Robert Stigwood/Allan Carr production ; produced by Robert Stigwood and Allan Carr ; adaptation by Allan Carr ; screenplay by Bronté Woodard ; directed by Randal Kleiser. |
| 250 | . | ‡a40th anniversary edition. | |
| 257 | . | ‡aUnited States ‡2naf | |
| 264 | 1. | ‡aHollywood, CA : ‡bParamount, ‡c[2018] | |
| 264 | 4. | ‡c©2018 | |
| 300 | . | ‡a1 videodisc (110 min.) : ‡bsound, color ; ‡c4 3/4 in. | |
| 336 | . | ‡atwo-dimensional moving image ‡btdi ‡2rdacontent | |
| 337 | . | ‡avideo ‡bv ‡2rdamedia | |
| 338 | . | ‡avideodisc ‡bvd ‡2rdacarrier | |
| 340 | . | ‡b4 3/4 in. | |
| 340 | . | ‡dstamping ‡2rdapm | |
| 341 | 0 | . | ‡aauditory ‡bclosedCaptions ‡2sapdv |
| 344 | . | ‡adigital ‡2rdatr | |
| 344 | . | ‡boptical ‡2rdarm | |
| 344 | . | ‡gsurround ‡2rdacpc | |
| 344 | . | ‡hDolby digital 5.1 | |
| 346 | . | ‡bNTSC ‡2rdabs | |
| 347 | . | ‡avideo file ‡2rdaft | |
| 347 | . | ‡bDVD video | |
| 347 | . | ‡eregion 1 ‡2rdare | |
| 380 | . | ‡aMotion picture. | |
| 538 | . | ‡aDVD, NTSC, region 1; widescreen version enhanced for 16:9 TVs; Dolby audio (English & French 5.1 Dolby Digital, Spanish Mono Dolby Digital). | |
| 546 | . | ‡aEnglish, Spanish or French dialogue; English, Spanish or French subtitles; closed-captioned; English audio description. | |
| 500 | . | ‡aTitle from container. | |
| 511 | 1 | . | ‡aJohn Travolta, Olivia Newton-John, Stockard Channing, Jeff Conaway, Barry Pearl, Michael Tucci, Kelly Ward, Didi Conn, Jamie Donnelly, Dinah Manoff. |
| 508 | . | ‡aChoreography, Patricia Birch. | |
| 500 | . | ‡aBased on the original musical by Jim Jacobs and Warren Casey. | |
| 500 | . | ‡aOriginally released as a motion picture in 1978. | |
| 500 | . | ‡aWide screen (16:9). | |
| 521 | 8 | . | ‡aMPAA rating: PG. |
| 520 | . | ‡aThe classic tale of good girl Sandy (Olivia Newton-John) and bad boy Danny (John Travolta) gets tuned up with new special features in Grease: Exclusive 40th Anniversary Edition. | |
| 500 | . | ‡aSpecial features: commentary by director Randal Kleiser and choreographer Patricia Birch; introduction by Randal Kleiser; Rydell sing-along; The time, the place, the motion: remembering Grease; alternate animated main titles and alternate ending; deleted/extended/alternate scenes with introduction by Randal Kleiser; Grease reunion 2002; DVD launch party; The movies behind the music; Olivia Newton-John and Robert Stigwood "Grease day" interview; photo galleries | |
| 540 | . | ‡aFor private home use only. | |
| 650 | 0. | ‡aHigh school students ‡vDrama. | |
| 650 | 0. | ‡aMan-woman relationships ‡vDrama. ‡0(LARL_NWRL_CONSORTIUM)166008 | |
| 650 | 0. | ‡aNineteen fifties ‡vDrama. | |
| 650 | 0. | ‡aGangs ‡vDrama. | |
| 650 | 0. | ‡aLove ‡vDrama. ‡0(LARL_NWRL_CONSORTIUM)165965 | |
| 650 | 1. | ‡aLove ‡vDrama. ‡0(LARL_NWRL_CONSORTIUM)165965 | |
| 650 | 7. | ‡aGangs ‡2fast ‡0(LARL_NWRL_CONSORTIUM)20944 | |
| 650 | 7. | ‡aHigh school students ‡2fast ‡0(LARL_NWRL_CONSORTIUM)22133 | |
| 650 | 7. | ‡aLove ‡2fast ‡0(LARL_NWRL_CONSORTIUM)24820 | |
| 650 | 7. | ‡aMan-woman relationships ‡2fast ‡0(LARL_NWRL_CONSORTIUM)38460 | |
| 650 | 7. | ‡aNineteen fifties ‡2fast ‡0(LARL_NWRL_CONSORTIUM)40864 | |
| 650 | 7. | ‡aMusicals. ‡2homoit ‡0(LARL_NWRL_CONSORTIUM)177685 | |
| 655 | 0. | ‡aMusical films. ‡0(LARL_NWRL_CONSORTIUM)175635 | |
| 655 | 0. | ‡aRomance films. ‡0(LARL_NWRL_CONSORTIUM)175678 | |
| 655 | 0. | ‡aFilm adaptations. ‡0(LARL_NWRL_CONSORTIUM)175712 | |
| 655 | 0. | ‡aFeature films. ‡0(LARL_NWRL_CONSORTIUM)175625 | |
| 655 | 0. | ‡aVideo recordings for the hearing impaired. ‡0(LARL_NWRL_CONSORTIUM)175744 | |
| 655 | 7. | ‡aVideo recordings for people with visual disabilities ‡2fast ‡0(LARL_NWRL_CONSORTIUM)175745 | |
| 655 | 7. | ‡aFiction films ‡2fast ‡0(LARL_NWRL_CONSORTIUM)175626 | |
| 655 | 7. | ‡aComedy films ‡2fast ‡0(LARL_NWRL_CONSORTIUM)175650 | |
| 655 | 7. | ‡aDrama ‡2fast | |
| 655 | 7. | ‡aFeature films ‡2fast ‡0(LARL_NWRL_CONSORTIUM)175625 | |
| 655 | 7. | ‡aFilm adaptations ‡2fast ‡0(LARL_NWRL_CONSORTIUM)175712 | |
| 655 | 7. | ‡aMusical films ‡2fast ‡0(LARL_NWRL_CONSORTIUM)175635 | |
| 655 | 7. | ‡aRomance films ‡2fast ‡0(LARL_NWRL_CONSORTIUM)175678 | |
| 655 | 7. | ‡aVideo recordings for the hearing impaired ‡2fast ‡0(LARL_NWRL_CONSORTIUM)175744 | |
| 655 | 7. | ‡aMusical films. ‡2lcgft ‡0(LARL_NWRL_CONSORTIUM)175635 | |
| 655 | 7. | ‡aRomance films. ‡2lcgft ‡0(LARL_NWRL_CONSORTIUM)175678 | |
| 655 | 7. | ‡aFilm adaptations. ‡2lcgft ‡0(LARL_NWRL_CONSORTIUM)175712 | |
| 655 | 7. | ‡aFeature films. ‡2lcgft ‡0(LARL_NWRL_CONSORTIUM)175625 | |
| 655 | 7. | ‡aVideo recordings for hard of hearing people. ‡2lcgft | |
| 655 | 7. | ‡aFiction films. ‡2lcgft ‡0(LARL_NWRL_CONSORTIUM)175626 | |
| 655 | 7. | ‡aComedy films. ‡2lcgft ‡0(LARL_NWRL_CONSORTIUM)175650 | |
| 655 | 7. | ‡aVideo recordings for people with visual disabilities. ‡2lcgft ‡0(LARL_NWRL_CONSORTIUM)175745 | |
| 700 | 1 | . | ‡aKleiser, Randal, ‡efilm director. ‡0(LARL_NWRL_CONSORTIUM)145484 |
| 700 | 1 | . | ‡aWoodard, Bronté, ‡escreenwriter. ‡0(LARL_NWRL_CONSORTIUM)91200 |
| 700 | 1 | . | ‡aCarr, Allan, ‡escreenwriter, ‡efilm producer. ‡0(LARL_NWRL_CONSORTIUM)91201 |
| 700 | 1 | . | ‡aStigwood, Robert, ‡d1934-2016, ‡efilm producer. |
| 700 | 1 | . | ‡aTravolta, John, ‡d1954- ‡eactor. ‡0(LARL_NWRL_CONSORTIUM)78793 |
| 700 | 1 | . | ‡aNewton-John, Olivia, ‡eactor. ‡0(LARL_NWRL_CONSORTIUM)46218 |
| 700 | 1 | . | ‡aChanning, Stockard, ‡eactor. ‡0(LARL_NWRL_CONSORTIUM)83468 |
| 700 | 1 | . | ‡aConaway, Jeff, ‡eactor. |
| 700 | 1 | . | ‡aPearl, Barry, ‡eactor. |
| 700 | 1 | . | ‡aTucci, Michael, ‡d1946- ‡eactor. |
| 700 | 1 | . | ‡aWard, Kelly, ‡eactor. |
| 700 | 1 | . | ‡aConn, Didi, ‡d1951- ‡eactor. |
| 700 | 1 | . | ‡aDonnelly, Jamie, ‡eactor. |
| 700 | 1 | . | ‡aManoff, Dinah, ‡eactor. ‡0(LARL_NWRL_CONSORTIUM)203194 |
| 710 | 2 | . | ‡aParamount Pictures Corporation, ‡eproduction company. ‡0(LARL_NWRL_CONSORTIUM)57097 |
| 710 | 2 | . | ‡aParamount Home Entertainment (Firm), ‡epublisher. ‡0(LARL_NWRL_CONSORTIUM)210140 |
| 710 | 2 | . | ‡aLC Purchase Collection (Library of Congress) |
| 730 | 0 | 2. | ‡iContainer of (work) : ‡aGrease (Motion picture) |
| 730 | 0 | 2. | ‡iContainer of (expression) : ‡aGrease (Motion picture). ‡lFrench. |
| 730 | 0 | 2. | ‡iContainer of (expression) : ‡aGrease (Motion picture). ‡lSpanish. |
| 901 | . | ‡a491040 ‡bAUTOGEN ‡c491040 ‡tbiblio | |

Add to basket
Permalink
Disable Highlighting